[Event "Udaipur Holi Cup 6th"]
[Site "Udaipur"]
[Date "2024.04.02"]
[Round "6"]
[White "Niladri, Banerjee"]
[Black "Dubey, Sanchay"]
[Result "0-1"]
[WhiteElo "1771"]
[BlackElo "1878"]
[PlyCount "68"]
[EventDate "2024.03.31"]
[EventType "swiss"]
[EventRounds "9"]
[EventCountry "IND"]
[SourceTitle "CBM 219 Extra"]
[Source "ChessBase"]
[SourceDate "2024.05.31"]
[SourceVersion "1"]
[SourceVersionDate "2024.05.31"]
[SourceQuality "1"]

1. d4 Nf6 2. c4 e6 3. Nf3 d5 4. g3 Bb4+ 5. Bd2 Be7 6. Bg2 0-0 7. 0-0 c6 8. Qc2 b6 9. b3 Nbd7 10. Bc3 Ne4 11. Bb2 Bb7 12. Nfd2 f5 13. Nxe4 fxe4 14. Nc3 Bf6 15. Rad1 Qe7 16. f3 exf3 17. Bxf3 dxc4 18. bxc4 e5 19. Ne4 exd4 20. Nxf6+ Nxf6 21. Bxd4 Rad8 22. Qc3 Ne4 23. Qe3 c5 24. Bb2 Rde8 25. Qc1 Ng5 26. Bxb7 Nh3+ 27. Kg2 Qxe2+ 28. Kh1 Rf2 29. Bd5+ Kh8 30. Bxg7+ Kxg7 31. Qc3+ Re5 32. Bg2 Rxg2 33. Rd7+ Kg6 34. Rd6+ Kh5 0-1

[Event "Udaipur Pandiyar op 8th"]
[Site "Udaipur"]
[Date "2023.10.17"]
[Round "5"]
[White "Prashanth, J Naik"]
[Black "Dubey, Sanchay"]
[Result "1/2-1/2"]
[WhiteElo "1617"]
[BlackElo "1856"]
[PlyCount "34"]
[EventDate "2023.10.15"]
[EventType "swiss"]
[EventRounds "9"]
[EventCountry "IND"]
[SourceTitle "CBM 216 Extra"]
[Source "ChessBase"]
[SourceDate "2023.11.30"]
[SourceVersion "1"]
[SourceVersionDate "2023.11.30"]
[SourceQuality "1"]

1. d4 Nf6 2. Bf4 b6 3. e3 Bb7 4. Nf3 g6 5. Bd3 Bg7 6. h4 d6 7. Nbd2 Nbd7 8. e4 e5 9. dxe5 dxe5 10. Bh2 Qe7 11. Qe2 a6 12. c3 Nh5 13. Qe3 Nhf6 14. Qe2 Nh5 15. Qe3 Nhf6 16. Qe2 Nh5 17. Qe3 Nhf6 1/2-1/2

[Event "IND-ch 59th"]
[Site "New Delhi"]
[Date "2023.01.01"]
[Round "11"]
[White "Srinivasa Rao, M."]
[Black "Dubey, Sanchay"]
[Result "1/2-1/2"]
[WhiteElo "2142"]
[BlackElo "1909"]
[PlyCount "88"]
[EventDate "2022.12.22"]
[EventType "swiss"]
[EventRounds "13"]
[EventCountry "IND"]
[SourceTitle "CBM 211 Extra"]
[Source "ChessBase"]
[SourceDate "2023.01.31"]
[SourceVersion "1"]
[SourceVersionDate "2023.01.31"]
[SourceQuality "1"]

1. Nf3 Nf6 2. c4 g6 3. g3 Bg7 4. Bg2 0-0 5. 0-0 d6 6. Nc3 e5 7. d3 Nc6 8. Rb1 a5 9. a3 Bf5 10. b4 axb4 11. axb4 Rb8 12. b5 Ne7 13. Qc2 Nd7 14. Ba3 h6 15. Nd2 Be6 16. Nd5 f5 17. Nxe7+ Qxe7 18. e3 g5 19. f4 b6 20. Kh1 Qf7 21. Rbe1 Kh8 22. d4 exd4 23. exd4 Bxd4 24. fxg5 hxg5 25. Nf3 Bf6 26. Bb2 Rg8 27. Nd4 Bxd4 28. Bxd4+ Ne5 29. Bxe5+ dxe5 30. Rxe5 Rbe8 31. Rxe6 Rxe6 32. Bd5 Rf8 33. Qd2 g4 34. h3 gxh3 35. Rf4 Qf6 36. Bxe6 Qxe6 37. Kh2 Kg7 38. Rf2 Rf6 39. Qf4 Rf7 40. Qd4+ Qf6 41. Qd5 Qg5 42. Qe5+ Kg6 43. Re2 Qg4 44. Qe6+ Kg7 1/2-1/2

[Event "IND-ch 59th"]
[Site "New Delhi"]
[Date "2022.12.29"]
[Round "8"]
[White "Dubey, Sanchay"]
[Black "Chidvilash, Sai Surapaneni"]
[Result "1-0"]
[WhiteElo "1909"]
[BlackElo "2177"]
[PlyCount "83"]
[EventDate "2022.12.22"]
[EventType "swiss"]
[EventRounds "13"]
[EventCountry "IND"]
[SourceTitle "CBM 211 Extra"]
[Source "ChessBase"]
[SourceDate "2023.01.31"]
[SourceVersion "1"]
[SourceVersionDate "2023.01.31"]
[SourceQuality "1"]

1. d4 Nf6 2. c4 e6 3. Nc3 Bb4 4. e3 0-0 5. Nge2 d5 6. a3 Be7 7. cxd5 exd5 8. Nf4 c6 9. Bd3 Re8 10. 0-0 Nbd7 11. f3 Nf8 12. Bc2 Ne6 13. e4 dxe4 14. Nxe6 Bxe6 15. fxe4 g6 16. Kh1 a6 17. Be3 Qd7 18. Qe1 Bc4 19. Rf3 Rad8 20. Rd1 Be6 21. h3 Qc8 22. Qf2 Nh5 23. g4 Ng7 24. d5 cxd5 25. exd5 Bxg4 26. hxg4 Qxg4 27. Qg2 Qc4 28. Rd4 Qc7 29. d6 Rxd6 30. Bf4 Qb6 31. Rb4 Rd1+ 32. Bxd1 Bxb4 33. axb4 Qxb4 34. Qd2 Nh5 35. Kg2 Qc4 36. Rf2 Nf6 37. Bg3 Re6 38. Be2 Qc5 39. Rxf6 Rxf6 40. Qd8+ Kg7 41. Qxf6+ Kxf6 42. Ne4+ 1-0

[Event "IND-ch 59th"]
[Site "New Delhi"]
[Date "2022.12.22"]
[Round "1"]
[White "Swapnil, S Dhopade"]
[Black "Dubey, Sanchay"]
[Result "1-0"]
[WhiteElo "2499"]
[BlackElo "1909"]
[PlyCount "61"]
[EventDate "2022.12.22"]
[EventType "swiss"]
[EventRounds "13"]
[EventCountry "IND"]
[SourceTitle "CBM 211 Extra"]
[Source "ChessBase"]
[SourceDate "2023.01.31"]
[SourceVersion "1"]
[SourceVersionDate "2023.01.31"]
[SourceQuality "1"]

1. Nf3 Nf6 2. g3 g6 3. b3 Bg7 4. Bb2 0-0 5. Bg2 c5 6. c4 d5 7. 0-0 Nc6 8. cxd5 Nxd5 9. Bxg7 Kxg7 10. d4 cxd4 11. Nxd4 Ndb4 12. Nxc6 Nxc6 13. Bxc6 bxc6 14. Qc2 Qb6 15. Rc1 Rd8 16. Na3 Be6 17. Qb2+ f6 18. Nc4 Bxc4 19. Rxc4 Rd6 20. Rac1 Rad8 21. R1c2 Rd1+ 22. Kg2 Rh1 23. Kxh1 Qxf2 24. Qc1 g5 25. g4 h5 26. Qg1 Qh4 27. Qg3 Rd1+ 28. Kg2 Qxg3+ 29. hxg3 hxg4 30. Rxg4 Kg6 31. Ra4 1-0

[Event "Udaipur Lakecity rapid op 1st"]
[Site "Udaipur"]
[Date "2019.09.14"]
[Round "5"]
[White "Vlassov, Nikolai"]
[Black "Dubey, Sanchay"]
[Result "1-0"]
[WhiteElo "2384"]
[BlackElo "1881"]
[PlyCount "99"]
[EventDate "2019.09.14"]
[EventType "swiss (rapid)"]
[EventRounds "9"]
[EventCountry "IND"]
[SourceTitle "EXT 2020"]
[Source "ChessBase"]
[SourceDate "2019.10.17"]
[SourceVersion "1"]
[SourceVersionDate "2019.10.17"]
[SourceQuality "1"]

1. e4 c5 2. c3 d6 3. d4 Nf6 4. Bd3 g6 5. dxc5 dxc5 6. e5 Nd5 7. Be4 Nb6 8. Qxd8+ Kxd8 9. Na3 Bg7 10. Bf4 a6 11. 0-0-0+ Ke8 12. Nf3 Nc6 13. Bxc6+ bxc6 14. Rhe1 Be6 15. Kb1 Rb8 16. Ka1 Nd5 17. Bc1 h6 18. Re4 Nb6 19. Ne1 Rd8 20. Rd2 Rxd2 21. Bxd2 Bd5 22. Re2 c4 23. f4 Kd8 24. Be3 Kc7 25. Bc5 Re8 26. Nec2 Na4 27. Bg1 Rd8 28. Ne3 f6 29. exf6 Bxf6 30. Nb1 Be4 31. Rd2 Nxc3 32. Rxd8 Nxb1 33. Rd1 Nc3 34. Rd2 Nb1 35. Rd1 Nc3 36. Re1 Na4 37. Nxc4 Bxg2 38. Ne5 g5 39. fxg5 hxg5 40. Kb1 Bd5 41. Kc2 Bxa2 42. b3 Nb6 43. Bxb6+ Kxb6 44. Nd7+ Kb5 45. Nxf6 exf6 46. Kb2 Bxb3 47. Kxb3 c5 48. Rf1 c4+ 49. Kc3 a5 50. Rxf6 1-0

[Event "Udaipur Lakecity op 1st"]
[Site "Udaipur"]
[Date "2019.09.13"]
[Round "2"]
[White "Saptarshi, Roy Chowdhury"]
[Black "Dubey, Sanchay"]
[Result "1-0"]
[WhiteElo "2480"]
[BlackElo "1881"]
[PlyCount "107"]
[EventDate "2019.09.13"]
[EventType "swiss"]
[EventRounds "10"]
[EventCountry "IND"]
[SourceTitle "EXT 2020"]
[Source "ChessBase"]
[SourceDate "2019.10.17"]
[SourceVersion "1"]
[SourceVersionDate "2019.10.17"]
[SourceQuality "1"]

1. d4 Nf6 2. Nf3 g6 3. Nbd2 d5 4. b4 Bg7 5. e3 0-0 6. Bd3 b6 7. Bb2 Bb7 8. 0-0 Nbd7 9. b5 c5 10. bxc6 Bxc6 11. c4 dxc4 12. Nxc4 Qc7 13. Nfe5 Bd5 14. Qe2 b5 15. Na3 Qb7 16. Nxd7 Nxd7 17. e4 b4 18. exd5 bxa3 19. Bxa3 Bxd4 20. Rad1 Bc5 21. Bb2 Rab8 22. Ba1 Qb4 23. Rc1 Rfd8 24. Rc4 Qb6 25. Rfc1 Ba3 26. Rd1 Rbc8 27. Ra4 Bc5 28. Ra6 Qb4 29. Bb5 Nf8 30. Ra4 Bxf2+ 31. Kxf2 Qc5+ 32. Bd4 Qxd5 33. Bc4 Qd6 34. Bb3 Qxh2 35. Qxe7 Qf4+ 36. Kg1 Rd7 37. Qf6 Qxf6 38. Bxf6 Rdc7 39. Rd8 Rc1+ 40. Kh2 Rxd8 41. Bxd8 Rc8 42. Bf6 Rc6 43. Bb2 a6 44. Rb4 Rc8 45. Rb6 a5 46. Ra6 Nd7 47. Ra7 Rd8 48. Rxa5 Nb6 49. Rb5 Nd7 50. a4 h5 51. a5 Rb8 52. Rxb8+ Nxb8 53. Ba4 f5 54. Bb5 1-0

[Event "Commonwealth-ch U18"]
[Site "New Delhi"]
[Date "2019.07.02"]
[Round "2.3"]
[White "Arjun, C Krishnamachari"]
[Black "Dubey, Sanchay"]
[Result "0-1"]
[WhiteElo "2212"]
[BlackElo "1823"]
[PlyCount "78"]
[EventDate "2019.07.01"]
[EventType "swiss"]
[EventRounds "7"]
[EventCountry "IND"]
[SourceTitle "EXT 2024"]
[Source "ChessBase"]
[SourceDate "2023.10.10"]
[SourceVersion "1"]
[SourceVersionDate "2023.10.10"]
[SourceQuality "1"]

1. e4 c5 2. Nf3 d6 3. d4 cxd4 4. Nxd4 Nf6 5. Nc3 Nc6 6. Bc4 e6 7. Be3 Be7 8. Qe2 a6 9. 0-0-0 Qc7 10. Kb1 0-0 11. Rhg1 b5 12. Bb3 Bd7 13. a3 Qb7 14. f3 Rfc8 15. Qe1 Ne5 16. g4 a5 17. g5 Ne8 18. g6 hxg6 19. Nce2 Nc4 20. Bg5 Bxg5 21. Rxg5 e5 22. Nf5 gxf5 23. Qh4 f6 24. Rh5 Kf7 25. Rh8 Ke7 26. Nc3 Be6 27. Qh5 Qc6 28. Nd5+ Bxd5 29. exd5 Qc5 30. Qg6 Ra7 31. Rg1 Qxd5 32. Qxf5 Rac7 33. Ka1 Qd4 34. Rb1 Qf4 35. Qh7 Kd7 36. Rg1 Kc6 37. Bxc4 bxc4 38. Rg4 Qc1+ 39. Ka2 d5 0-1

[Event "Commonwealth-ch"]
[Site "New Delhi"]
[Date "2019.06.30"]
[Round "2"]
[White "Dubey, Sanchay"]
[Black "Saurabh, Anand"]
[Result "0-1"]
[WhiteElo "1823"]
[BlackElo "2351"]
[PlyCount "70"]
[EventDate "2019.06.30"]
[EventType "swiss"]
[EventRounds "9"]
[EventCountry "IND"]
[SourceTitle "CBM 191 Extra"]
[Source "ChessBase"]
[SourceDate "2019.09.30"]
[SourceVersion "1"]
[SourceVersionDate "2019.09.30"]
[SourceQuality "1"]

1. e4 e5 2. Nf3 Nc6 3. Bb5 a6 4. Ba4 Nf6 5. 0-0 Be7 6. Re1 b5 7. Bb3 d6 8. c3 0-0 9. h3 Nb8 10. d4 Nbd7 11. Nbd2 Bb7 12. Bc2 Re8 13. Nf1 Bf8 14. Ng3 g6 15. a4 c5 16. d5 c4 17. Bg5 Nc5 18. Qd2 Be7 19. Kh1 Nfd7 20. Bh6 Qc7 21. a5 Bc8 22. Qe3 Nb7 23. Nf5 gxf5 24. exf5 Bf6 25. Ng5 Ndc5 26. Qg3 Kh8 27. Qh4 Nd3 28. Bxd3 cxd3 29. Bg7+ Kxg7 30. Qxh7+ Kf8 31. Ne4 Qd8 32. b4 Ke7 33. Qh6 Bh8 34. f6+ Kd7 35. Qh5 Rf8 0-1

[Event "Udaipur Lakecity op 3rd"]
[Site "Udaipur"]
[Date "2019.03.31"]
[Round "7"]
[White "Dubey, Sanchay"]
[Black "Dhiraj, Patil"]
[Result "0-1"]
[WhiteElo "1828"]
[BlackElo "1425"]
[PlyCount "128"]
[EventDate "2019.03.28"]
[EventType "swiss"]
[EventRounds "8"]
[EventCountry "IND"]
[SourceTitle "CBM 189 Extra"]
[Source "ChessBase"]
[SourceDate "2019.05.31"]
[SourceVersion "1"]
[SourceVersionDate "2019.05.31"]
[SourceQuality "1"]

1. e4 d5 2. exd5 Nf6 3. Nf3 Qxd5 4. Nc3 Qd8 5. Bc4 Nc6 6. d4 Bg4 7. Be3 e6 8. h3 Bh5 9. a3 Be7 10. Bb5 Bxf3 11. Qxf3 Qd7 12. g4 Nd5 13. Nxd5 Qxd5 14. Qxd5 exd5 15. 0-0-0 0-0-0 16. Bxc6 bxc6 17. a4 Bh4 18. Rhg1 h6 19. Rd3 Rhe8 20. Kd2 Re6 21. b4 Rde8 22. Ke2 a6 23. Kf3 g5 24. Rd2 Re4 25. Re2 f5 26. gxf5 Rf8 27. Ree1 Rxf5+ 28. Kg2 h5 29. f3 Re7 30. Bf2 Bxf2 31. Kxf2 Ref7 32. Re3 Kd7 33. Ke2 Kd6 34. c3 R7f6 35. Rg3 Re6 36. Rxe6+ Kxe6 37. h4 Kf6 38. hxg5+ Rxg5 39. Rh3 Kg6 40. Kf2 Kf5 41. Rh4 Kg6 42. f4 Rf5 43. Ke3 Rf7 44. Rh1 Rh7 45. Kf3 Kf5 46. Rh4 Rh6 47. Rh1 h4 48. Rh3 Rh5 49. a5 Rh7 50. Rh2 h3 51. Kg3 Rh6 52. Kf3 Rh7 53. Kg3 Ke4 54. Re2+ Kd3 55. Rh2 Kxc3 56. Rxh3 Rxh3+ 57. Kxh3 Kxd4 58. Kg4 Ke4 59. f5 d4 60. f6 d3 61. f7 d2 62. f8Q d1Q+ 63. Kh3 Qf3+ 64. Qxf3+ Kxf3 0-1

[Event "IND-ch U17"]
[Site "Haryana"]
[Date "2018.09.11"]
[Round "11"]
[White "Om, Kharola"]
[Black "Dubey, Sanchay"]
[Result "1-0"]
[WhiteElo "2042"]
[BlackElo "1862"]
[PlyCount "127"]
[EventDate "2018.09.03"]
[EventType "swiss"]
[EventRounds "11"]
[EventCountry "IND"]
[SourceTitle "CBM 186 Extra"]
[Source "ChessBase"]
[SourceDate "2018.08.24"]
[SourceVersion "1"]
[SourceVersionDate "2018.08.24"]
[SourceQuality "1"]

1. e4 c5 2. Nf3 d6 3. d4 cxd4 4. Nxd4 Nf6 5. Nc3 a6 6. Bc4 e6 7. Bb3 Nbd7 8. Qf3 Nc5 9. Bg5 Be7 10. 0-0-0 Qc7 11. Kb1 0-0 12. Qe2 b5 13. f4 Bb7 14. e5 dxe5 15. fxe5 Nfe4 16. Nxe4 Bxe4 17. Bf4 Rfd8 18. h4 Rac8 19. Ka1 Qb6 20. Be3 Qb8 21. Bf4 Qb6 22. Be3 Qb8 23. Rhf1 Qxe5 24. Bf4 Nxb3+ 25. axb3 Qd5 26. Nxb5 Qf5 27. Rxd8+ Bxd8 28. Na3 Bb7 29. Nc4 Qb5 30. Be5 f6 31. Bc3 Bd5 32. Re1 Bxc4 33. bxc4 Qxc4 34. Qxe6+ Qxe6 35. Rxe6 a5 36. Re8+ Kf7 37. Rh8 Ra8 38. Rxh7 Bb6 39. Rh5 a4 40. Rb5 Bf2 41. h5 Rd8 42. Rb7+ Kg8 43. Rb4 Rd1+ 44. Ka2 Rc1 45. Rxa4 Rxc2 46. g4 Kh7 47. Re4 Bh4 48. Kb3 Rg2 49. Kc4 Kh6 50. Bd4 Bg5 51. b4 Rc2+ 52. Kd5 g6 53. hxg6 Kxg6 54. b5 Rc8 55. b6 Bh4 56. b7 Rd8+ 57. Kc6 Bg3 58. Bb6 Rd6+ 59. Kb5 Rd7 60. Ka6 Kg5 61. Be3+ Kg6 62. Bf4 Bxf4 63. Rxf4 Rd6+ 64. Ka7 1-0

[Event "Commonwealth-ch U20"]
[Site "New Delhi"]
[Date "2018.07.03"]
[Round "7"]
[White "Dubey, Sanchay"]
[Black "Wagh, Suyog"]
[Result "0-1"]
[WhiteElo "1901"]
[BlackElo "2289"]
[PlyCount "104"]
[EventDate "2018.06.26"]
[EventType "swiss"]
[EventRounds "7"]
[EventCountry "IND"]
[SourceTitle "CBM 185 Extra"]
[Source "ChessBase"]
[SourceDate "2018.07.29"]
[SourceVersion "1"]
[SourceVersionDate "2018.07.29"]
[SourceQuality "1"]

1. e4 e5 2. Nf3 Nc6 3. d4 exd4 4. Nxd4 Nf6 5. Nxc6 bxc6 6. e5 Qe7 7. Qe2 Nd5 8. c4 Nb6 9. Nc3 g6 10. Ne4 Bg7 11. Nf6+ Kf8 12. Bg5 Qe6 13. f4 Ba6 14. Rc1 h6 15. Bh4 d6 16. Ne4 g5 17. fxg5 Qxe5 18. Bg3 Qxb2 19. Qxb2 Bxb2 20. Rc2 Re8 21. Bd3 Be5 22. 0-0 Bxg3 23. Nxg3 hxg5 24. Ne4 Nd7 25. Nxg5 Ne5 26. Rcf2 Re7 27. Be2 c5 28. g3 Kg7 29. Rf4 d5 30. h4 Rb8 31. Rf6 Rb6 32. R6f5 f6 33. Nf3 Bc8 34. Rf4 Ng6 35. Bd3 Nxf4 36. gxf4 Re3 37. Bc2 Rb2 38. Bb3 Ba6 39. h5 dxc4 40. Ba4 c3 41. Rd1 Rxf3 42. Bc6 Rf1+ 43. Rxf1 Bxf1 44. Be4 Bc4 45. a4 Kh6 46. a5 Kxh5 47. a6 Kg4 48. f5 Kg3 49. Kh1 Bd5 50. Bf3 Bxf3+ 51. Kg1 c2 52. Kf1 c1Q# 0-1

[Event "Aligarh Pavna op"]
[Site "Aligarh"]
[Date "2016.05.20"]
[Round "7"]
[White "Dubey, Sanchay"]
[Black "Kanyamarala, Tarun"]
[Result "1-0"]
[WhiteElo "1804"]
[BlackElo "1691"]
[PlyCount "49"]
[EventDate "2016.05.17"]
[EventType "swiss"]
[EventRounds "9"]
[EventCountry "IND"]
[SourceTitle "CBM 172 Extra"]
[Source "ChessBase"]
[SourceDate "2016.06.21"]
[SourceVersion "1"]
[SourceVersionDate "2016.06.21"]
[SourceQuality "1"]

1. d4 d5 2. c4 e6 3. Nc3 Nf6 4. Nf3 c6 5. Bg5 dxc4 6. e4 b5 7. e5 h6 8. Bh4 g5 9. Bg3 Nd5 10. Be2 Bb7 11. a4 Nxc3 12. bxc3 Be7 13. Nd2 a6 14. Ne4 Nd7 15. 0-0 Nb6 16. f4 c5 17. Nd6+ Bxd6 18. exd6 Nxa4 19. Bh5 Rf8 20. f5 Bd5 21. fxe6 Bxe6 22. d5 Kd7 23. dxe6+ fxe6 24. Rxf8 Qxf8 25. Rxa4 1-0